000 00304nam a2200121Ia 4500
008 191201s2008 xx 000 0 und d
100 _aHOLZNER,Steven
245 0 _aVisual Basic 6 Programming Black Book
260 _aN. Delhi
_bDreamtech
_c2008
300 _a1095
650 _aB.Tech(CSE)
942 _2ddc
_cBK
999 _c300
_d300